000 00644nam a2200241Ia 4500
001 616
005 20240113233421.0
007 ta
008 050120s1995 a g b000 u eng u
020 _a0-19-288062-4
040 _aRef. stack
041 _aeng
082 _a822.09
_bBr 812 Ox
100 _aBrown, John Russell .
245 0 _aOxford illustrated history of theatre /
_cJohn Russell Brown ed.
_hTextual Documents
250 _a1st ed /
260 _aNew York :
_bOxford university ,
_c1995.
300 _a582p. :
_bill ;
_c24cm .
653 _aDramatic criticism
942 _2ddc
_cBK
999 _c614
_d614